| 000 | 00568nam a2200241 a 4500 | ||
|---|---|---|---|
| 001 | nice12345678 | ||
| 003 | IN_TiNIC | ||
| 005 | 20260116011306.0 | ||
| 008 | 050524s1959 alia grp 000 0 urd | ||
| 020 |
_a _c2 |
||
| 082 | 0 | 0 |
_a891.41 _bAKH |
| 100 | _aAkhtar Ansari, | ||
| 245 | _aGhazal Awr Dars-E-Ghazal | ||
| 260 |
_aAligarh _bAnjuman Taraqqi-E-Urdu _c1959 |
||
| 300 | _a125p | ||
| 500 | _aincludes index and biblioraphy | ||
| 505 | 2 | _aIndex | |
| 650 | _aUrdu-Poetry | ||
| 700 | 1 | _aAkhtar Ansari, | |
| 902 | _bSRS | ||
| 942 | _cBK | ||
| 999 |
_c230 _d230 |
||